000
00335nam a22001457a 4500
008
240318b ||||| |||| 00| 0 eng d
020
_a
0124749933
041
_a
eng
080
_2
SECOND EDITION
_a
573
082
_a
573MAR
100
_a
16
101
_a
BIOLOGJI
245
_a
LEARNING AND MEMORY
_c
JOE L.MARTINEZ
942
_2
udc
_c
BK
999
_c
60613
_d
60613